00558 2200193 4500245007400000020002200074250001100096100002100107700001800128700001700146700001700163650002100180005001900201260007600220041001400296084001000310300003500320336000900355 aMula Bukane Wonogiri b : Asal Usul WonogiricParpal PoerwantohText a978-623-112-819-5 aCet. 1 aParpal Poerwanto aGatot Sunarto aKun Prastowo aTri Hartanto aCerita Bergambar a20241002145632 aJakartabKementerian Pendidikan, Kebudayaan, Riset, dan Teknologic2023 aIndonesia a741.5 a18 hlm., 14 cm × 20 cm :cPDF atext